Widok standardowy
Widok MARC
Pozycja Personal Name
Liczba rekordów, w których użyto hasła: 1
001 - Numer kontrolny
- control field: 36772
003 - Identyfikator numeru kontrolnego
- control field: NUKAT
005 - Data i czas ostatniej modyfikacji
- control field: 20260218102347.0
008 - Dane kontrolne kodowane (40 znaków)
- fixed length control field: 140806n||a|znnaabn |a aaa |c
010 ## - Numer kontrolny Biblioteki Kongresu
- numer kontrolny LC: n 2014144136
024 7# - OTHER STANDARD IDENTIFIER
- Standard number or code: 311392186
- Source of number or code: viaf
040 ## - Instytucja sporządzająca rekord
- inst. przygot. dane do rek. khw: WR O/JG
- język haseł przedmiotowych/tezaurus: kaba
- inst. wprow. rek. khw: WR O/JG
100 1# - Hasło - nazwa osobowa
- nazwa osobowa w formie ujednoliconej: Stanisławski, Rafał
- dopowiedzenie inne niż daty biograficzne: (ilustrator).
374 ## - Occupation
- Occupation: Ilustratorzy.
- Auth control #: http://nukat.edu.pl/aut/s 95010366
- Source of term: kaba
670 ## - Źródło informacji
- źródło informacji: Miłujmy czynem i prawdą : z okazji jubileuszu 50-lecia kapłaństwa Jego Ekscelencji ks. dr Edmunda Piszcza, Arcybiskupa Metropolity Warmińskiego / Jan-Jerzy Górny. - Olsztyn, 2006.
- gdzie znaleziono informację: Oprac.